RM Songs Quiz (2026) - Statistics

General Stats
  • This quiz has been taken 156 times
    107 since last reset
  • The average score is 23 of 41
Answer Stats
Album/EP Song % Correct
Come back to me
86%
seoul (prod. HONNE)
86%
Wild Flower (with youjeen)
84%
Nuts
83%
LOST!
80%
mono. tokyo
79%
Still Life (with Anderson .Paak)
72%
moonchild
70%
Domodachi (feat. Little Simz)
68%
Groin
68%
forever rain
67%
Heaven
67%
Singles/Other Songs Change
64%
Right Place, Wrong Person Right People, Wrong Place
64%
Indigo Yun (with Erykah Badu)
64%
Lonely
63%
Closer (with Paul Blanco, Mahalia)
62%
Change pt.2
61%
Do You
59%
No.2 (with parkjiyoon)
59%
ㅠㅠ (Credit Roll)
58%
everythingoes
58%
Bicycle
55%
out of love
55%
Around the world in a day (feat. Moses Sumney)
54%
badbye
54%
All Day (with Tablo)
53%
Hectic (with Colde)
53%
? (Interlude)
53%
uhgood
51%
Joke
49%
Forg_tful (with Kim Sawol)
46%
Monster
34%
Rush
30%
God Rap
28%
Life
25%
Throw Away
25%
RM Voice
25%
Awakening
22%
I Believe
22%
Adrift
18%
No matching quizzes found
Score Distribution
Percent of People with Each Score
Percentile by Number Answered
Your Score History
You have not taken this quiz since the last reset